| 000 | 00925cab a2200265 4500 | ||
|---|---|---|---|
| 001 | ABS49244 | ||
| 008 | 090401t1993 xxu||||| |||| 00| 0 eng d | ||
| 035 | _a(Sirsi) u70499 | ||
| 041 | _aeng | ||
| 100 | _aHicks, G. | ||
| 245 | _aOvervaluation of specialist buildings | ||
| 260 | _c1993 | ||
| 350 | _a0 | ||
| 490 |
_aEstates Gazette _v(9331) 7 August 1993, 40-41(2) |
||
| 520 | _aDiscusses the current anomaly in the valuation of specialist buildings highlighted by the increasing number of public buildings which need to be assessed for their existing-use value with the continuning swing towards privatisation. | ||
| 650 | _aDEPRECIATED REPLACEMENT COST | ||
| 650 | _aEXISTING USE VALUE | ||
| 650 | _aRICS APPRAISAL AND VALUATION MANUAL | ||
| 650 | _aSPECIALIST BUILDINGS | ||
| 650 | _aUNUSUAL PROPERTIES | ||
| 650 | _aVALUATIONS | ||
| 690 | _aRATING AND VALUATION | ||
| 942 | _n0 | ||
| 948 | _c04/03/1997 | ||
| 999 |
_c44345 _d44345 |
||